00647cam a22002173a 450000100060000000300060000600500170001200800410002904000150007004200070008505000070009210000380009924500780013726000290021550600300024451600200027465300320029465300320032683000290035885600420038710329PGUSA20140828083222.0031101s2003||||xxu|||||s|||||000 1 eng d aPGUSAbeng adc 4aPZ1 aSmith, Laura Rountree,d1876-192410aSnubby Nose and Tippy Toesh[electronic resource] /cLaura Rountree Smith bProject Gutenberg,c2003 aPublic domain in the USA. aElectronic text aRabbits -- Juvenile fiction aAnimals -- Juvenile fiction 0aProject Gutenbergv1032940uhttp://www.gutenberg.org/ebooks/10329